| 000 | 00421nam a2200169 a 4500 | ||
|---|---|---|---|
| 001 | 3439 | ||
| 003 | CDMR | ||
| 005 | 20130611101311.0 | ||
| 008 | 130130s1976||||||||||||||||||||||||||||d | ||
| 040 |
_aCDMR _bcat _cCDMR |
||
| 100 | 1 |
_aAbril, Gonzalo _92479 |
|
| 245 | 1 | 0 | _aSigno y significación |
| 260 |
_aMadrid _c1976 _bPablo del Rio |
||
| 650 | 0 | 4 |
_91282 _aSemiòtica |
| 650 | 0 | 4 |
_93737 _aComunicació visual |
| 942 |
_cMON _2udc |
||
| 999 |
_c3439 _d3439 |
||